[Event "ENG-ch Senior Over 65"]
[Site "Kenilworth"]
[Date "2025.04.28"]
[Round "7.14"]
[White "Neatherway, A Philip"]
[Black "Erdogan, Hassan"]
[Result "0-1"]
[WhiteElo "1761"]
[BlackElo "1806"]
[PlyCount "160"]
[EventDate "2025.04.24"]
[EventType "swiss"]
[EventRounds "7"]
[EventCountry "ENG"]
[SourceTitle "BritBase"]
[Source "John Saunders"]
[SourceDate "1997.08.31"]
[SourceVersion "1"]
[SourceVersionDate "1997.08.31"]
[SourceQuality "1"]

1. e4 d6 2. d4 Nd7 3. Nc3 e5 4. Nf3 c6 5. Be2 Ngf6 6. h3 Be7 7. Be3 O-O 8. O-O Qc7 9. Re1 b5 10. a3 a6 11. Bf1 Re8 12. dxe5 dxe5 13. Nd2 Nc5 14. Qf3 Ne6 15. Nb3 a5 16. a4 b4 17. Ne2 Ba6 18. Ng3 Bxf1 19. Kxf1 g6 20. c3 bxc3 21. bxc3 Rab8 22. Rab1 Nd7 23. Qe2 Ndc5 24. Nxc5 Nxc5 25. Qc4 Ne6 26. Red1 h5 27. Ne2 Red8 28. Rdc1 Rxb1 29. Rxb1 Rb8 30. Rxb8+ Qxb8 31. Kg1 Qb1+ 32. Kh2 Qf1 33. Qa2 Bh4 34. g3 Bg5 35. Qd2 h4 36. Ng1 hxg3+ 37. fxg3 Bxe3 38. Qxe3 Qc4 39. Nf3 f6 40. Nd2 Qxa4 41. Qd3 Qa2 42. Kg1 a4 43. Nc4 a3 44. Qf1 Kg7 45. Nd6 Ng5 46. Ne8+ Kf7 47. Qxf6+ Kxe8 48. Qxg5 Qb1+ 49. Kh2 Qxe4 50. Qf6 Qe2+ 51. Kg1 Qe3+ 52. Kg2 Qe4+ 53. Kg1 Qe1+ 54. Kg2 Qxc3 55. Qxg6+ Ke7 56. Qg7+ Kd6 57. Qf6+ Kc5 58. Qe7+ Kc4 59. Qe6+ Kd3 60. Qd6+ Ke2 61. Qf6 Qc5 62. Qf1+ Kd2 63. Qb1 Qc2 64. Qb4+ Kc1+ 65. Kf3 e4+ 66. Kg4 a2 67. Qa3+ Kd1 68. Qd6+ Qd2 69. Qe5 e3 70. Qa1+ Ke2 71. h4 Kd3 72. Qe5 e2 73. Qf5+ Kc3 74. Qc5+ Kb2 75. Qb6+ Ka1 76. Qxc6 e1=Q 77. Qf6+ Qc3 78. Qxc3+ Qxc3 79. h5 Kb1 80. h6 a1=Q 0-1

[Event "ENG-ch Senior Over 65"]
[Site "Kenilworth"]
[Date "2025.04.28"]
[Round "7.15"]
[White "Leeson, Chris JP"]
[Black "Pickersgill, Adrian O"]
[Result "1/2-1/2"]
[WhiteElo "1750"]
[BlackElo "1940"]
[PlyCount "62"]
[EventDate "2025.04.24"]
[EventType "swiss"]
[EventRounds "7"]
[EventCountry "ENG"]
[SourceTitle "BritBase"]
[Source "John Saunders"]
[SourceDate "1997.08.31"]
[SourceVersion "1"]
[SourceVersionDate "1997.08.31"]
[SourceQuality "1"]

1. d4 d6 2. e4 Nf6 3. Bd3 e5 4. d5 Bg4 5. f3 Bh5 6. g4 Bg6 7. h4 h5 8. g5 Nfd7 9. f4 exf4 10. Bxf4 Ne5 11. Bxe5 dxe5 12. Nf3 Bd6 13. Bb5+ Nd7 14. Nc3 O-O 15. Qe2 a6 16. Bd3 b5 17. Nd1 Nc5 18. a3 Qd7 19. b4 Nxd3+ 20. cxd3 a5 21. bxa5 Rxa5 22. Qb2 Qg4 23. Kf2 Rfa8 24. Ne3 Qc8 25. Nxe5 Bxa3 26. Qd4 Bc5 27. Qb2 Rxa1 28. Rxa1 Rxa1 29. Qxa1 Qe8 30. Nxg6 fxg6 31. d4 Bb6 1/2-1/2

[Event "ENG-ch Senior Over 65"]
[Site "Kenilworth"]
[Date "2025.04.28"]
[Round "7.16"]
[White "Morrish, John"]
[Black "Goodwin, Ed H"]
[Result "0-1"]
[WhiteElo "1786"]
[BlackElo "1876"]
[PlyCount "72"]
[EventDate "2025.04.24"]
[EventType "swiss"]
[EventRounds "7"]
[EventCountry "ENG"]
[SourceTitle "BritBase"]
[Source "John Saunders"]
[SourceDate "1997.08.31"]
[SourceVersion "1"]
[SourceVersionDate "1997.08.31"]
[SourceQuality "1"]

1. e4 g6 2. d4 Bg7 3. f4 c5 4. Nf3 cxd4 5. e5 Nc6 6. Nxd4 d6 7. Nxc6 bxc6 8. exd6 exd6 9. Be2 Ne7 10. c3 O-O 11. O-O Qb6+ 12. Kh1 d5 13. Nd2 Nf5 14. Qb3 Qc7 15. Nf3 Bd7 16. Bd2 Rfe8 17. Bd3 Rab8 18. Qc2 Qb6 19. b4 Ne3 20. Bxe3 Qxe3 21. Rae1 Qb6 22. f5 Qd8 23. fxg6 hxg6 24. h4 Bg4 25. Ng5 Rxe1 26. Rxe1 f6 27. Ne6 Bxe6 28. Rxe6 f5 29. g3 Kf7 30. Bxf5 gxf5 31. Qxf5+ Kg8 32. Rg6 Qf8 33. Qg4 Re8 34. Kg2 Re1 35. Qf3 Rg1+ 36. Kf2 Rf1+ 0-1

[Event "ENG-ch Senior Over 65"]
[Site "Kenilworth"]
[Date "2025.04.28"]
[Round "7.17"]
[White "Tucker, David S"]
[Black "Kenning, Paul H"]
[Result "1/2-1/2"]
[WhiteElo "1904"]
[BlackElo "1771"]
[PlyCount "43"]
[EventDate "2025.04.24"]
[EventType "swiss"]
[EventRounds "7"]
[EventCountry "ENG"]
[SourceTitle "BritBase"]
[Source "John Saunders"]
[SourceDate "1997.08.31"]
[SourceVersion "1"]
[SourceVersionDate "1997.08.31"]
[SourceQuality "1"]

1. e4 d6 2. d4 Nf6 3. f3 e5 4. dxe5 dxe5 5. Qxd8+ Kxd8 6. Bc4 Ke8 7. Ne2 c6 8. g4 Nbd7 9. Ng3 h6 10. Be3 Bc5 11. Bxc5 Nxc5 12. Nd2 g6 13. h4 b5 14. Bb3 Be6 15. O-O-O Ke7 16. h5 Bxb3 17. axb3 Ne6 18. Rh2 Kf8 19. c3 a5 20. Kc2 Kg7 21. hxg6 fxg6 22. Ne2 1/2-1/2

[Event "ENG-ch Senior Over 65"]
[Site "Kenilworth"]
[Date "2025.04.28"]
[Round "7.18"]
[White "Greatorex, Roger"]
[Black "Hawkins, James N"]
[Result "1/2-1/2"]
[WhiteElo "1744"]
[BlackElo "1931"]
[PlyCount "42"]
[EventDate "2025.04.24"]
[EventType "swiss"]
[EventRounds "7"]
[EventCountry "ENG"]
[SourceTitle "BritBase"]
[Source "John Saunders"]
[SourceDate "1997.08.31"]
[SourceVersion "1"]
[SourceVersionDate "1997.08.31"]
[SourceQuality "1"]

1. e4 e5 2. Nf3 Nc6 3. Bb5 a6 4. Ba4 Nf6 5. d3 b5 6. Bb3 Be7 7. c3 d6 8. Bc2 O-O 9. O-O d5 10. Qe2 dxe4 11. dxe4 Be6 12. Rd1 Qc8 13. Bg5 Qb7 14. Nbd2 Rfd8 15. Bh4 Nd7 16. Bxe7 Nxe7 17. Ng5 Qc6 18. Nxe6 Qxe6 19. Bb3 Qh6 20. Nf3 Ng6 21. a4 Nc5 1/2-1/2

[Event "ENG-ch Senior Over 65"]
[Site "Kenilworth"]
[Date "2025.04.28"]
[Round "7.19"]
[White "O'Gorman, Brendan"]
[Black "Clarke, Duncan"]
[Result "1-0"]
[WhiteElo "1681"]
[BlackElo "1541"]
[PlyCount "63"]
[EventDate "2025.04.24"]
[EventType "swiss"]
[EventRounds "7"]
[EventCountry "ENG"]
[SourceTitle "BritBase"]
[Source "John Saunders"]
[SourceDate "1997.08.31"]
[SourceVersion "1"]
[SourceVersionDate "1997.08.31"]
[SourceQuality "1"]

1. Nf3 d6 2. d4 g6 3. c4 Bg7 4. Nc3 Nf6 5. e4 O-O 6. h3 Re8 7. Be3 c6 8. Be2 Kh8 9. O-O Nbd7 10. e5 dxe5 11. dxe5 Ng8 12. Bf4 Qa5 13. Re1 Nxe5 14. Nxe5 Bxe5 15. Bxe5+ Qxe5 16. Bf3 Qc7 17. Ne4 e5 18. c5 Be6 19. Qc2 Bf5 20. Qc3 Bxe4 21. Bxe4 Qe7 22. Rad1 f5 23. Bc2 Nf6 24. Bb3 Ne4 25. Qc4 Qxc5 26. Rxe4 Qxc4 27. Rxc4 Re7 28. Rc2 Kg7 29. Rcd2 Kf8 30. Rd8+ Re8 31. Rxa8 Rxa8 32. Rd7 1-0

[Event "ENG-ch Senior Over 65"]
[Site "Kenilworth"]
[Date "2025.04.28"]
[Round "7.20"]
[White "Collins, Nigel"]
[Black "Carpenter, David J"]
[Result "1/2-1/2"]
[WhiteElo "1577"]
[BlackElo "1624"]
[PlyCount "47"]
[EventDate "2025.04.24"]
[EventType "swiss"]
[EventRounds "7"]
[EventCountry "ENG"]
[SourceTitle "BritBase"]
[Source "John Saunders"]
[SourceDate "1997.08.31"]
[SourceVersion "1"]
[SourceVersionDate "1997.08.31"]
[SourceQuality "1"]

1. c4 g6 2. Nc3 Bg7 3. g3 Nf6 4. Bg2 O-O 5. e4 d6 6. Nge2 Nbd7 7. O-O Nc5 8. d4 Ncd7 9. h3 Nb6 10. b3 Re8 11. Be3 c6 12. Rc1 Rf8 13. Qd2 e5 14. d5 c5 15. f4 exf4 16. gxf4 Bh6 17. f5 Bxe3+ 18. Qxe3 Nbd7 19. Ng3 Ne5 20. Rf2 a6 21. Rf4 g5 22. Rff1 h6 23. Qe2 Kh7 24. Rcd1 1/2-1/2

[Event "ENG-ch Senior Over 65"]
[Site "Kenilworth"]
[Date "2025.04.28"]
[Round "7.21"]
[White "Wright, George A"]
[Black "Robinson, Steve"]
[Result "0-1"]
[WhiteElo "1569"]
[BlackElo "1580"]
[PlyCount "30"]
[EventDate "2025.04.24"]
[EventType "swiss"]
[EventRounds "7"]
[EventCountry "ENG"]
[SourceTitle "BritBase"]
[Source "John Saunders"]
[SourceDate "1997.08.31"]
[SourceVersion "1"]
[SourceVersionDate "1997.08.31"]
[SourceQuality "1"]

1. b3 d6 2. Bb2 Nf6 3. g3 Nc6 4. Bg2 e5 5. c4 Bf5 6. Nc3 Qc8 7. e3 Nb4 8. Kf1 Nd3 9. Ba3 c6 10. e4 Ng4 11. exf5 Ngxf2 12. Qf3 Qd8 13. Nd1 e4 14. Qe3 Qf6 15. Nxf2 Qxa1+ 0-1